<?xml version="1.0" encoding="UTF-8"?>
<marc:record xmlns:marc="http://www.loc.gov/MARC21/slim">
   <marc:leader>00000nam a2200000 a 4500</marc:leader>
   <marc:datafield ind1="1" ind2=" " tag="100">
      <marc:subfield code="a">Raab, Ann Cathrin</marc:subfield>
      <marc:subfield code="4">aut</marc:subfield>
      <marc:subfield code="e">Verfasser/-in</marc:subfield>
   </marc:datafield>
   <marc:datafield ind1=" " ind2=" " tag="653">
      <marc:subfield code="a">Bilderbuch</marc:subfield>
   </marc:datafield>
   <marc:datafield ind1=" " ind2=" " tag="653">
      <marc:subfield code="a">Ordnung</marc:subfield>
   </marc:datafield>
   <marc:datafield ind1=" " ind2=" " tag="653">
      <marc:subfield code="a">Sortieren</marc:subfield>
   </marc:datafield>
   <marc:datafield ind1=" " ind2=" " tag="653">
      <marc:subfield code="a">Tiere</marc:subfield>
   </marc:datafield>
   <marc:datafield ind1="0" ind2="0" tag="245">
      <marc:subfield code="a">Sortierbuch</marc:subfield>
   </marc:datafield>
   <marc:datafield ind1="0" ind2="0" tag="245">
      <marc:subfield code="c">Raab, Ann Cathrin</marc:subfield>
   </marc:datafield>
   <marc:datafield ind1=" " ind2="1" tag="264">
      <marc:subfield code="a">Wuppertal</marc:subfield>
      <marc:subfield code="b">Peter Hammer Verlag GmbH</marc:subfield>
      <marc:subfield code="c">2018</marc:subfield>
   </marc:datafield>
   <marc:datafield ind1="1" ind2=" " tag="520">
      <marc:subfield code="a">Quelle: 1000 und 1 Buch (http://www.1001buch.at/); &#xD;
Autor: Christina Pfeiffer-Ulm; &#xD;
Ann Cathrin Raab ist eine kompromisslose Minimalistin: Weißraum, schwarze Tusche, hie und da ein Farbklecks. Und aus. Auch im Sor-Tier-Buch  was für ein knackiger Titel!  schickt sie nur Kleinsttierchen auf die leeren Seiten. 50 Stück davon lässt sie variantenreich auftanzen. Aber he! Lauft doch nicht alle durcheinander! Und schon wird geschoben, sortiert, geordnet. Auf jeder Doppelseite werden sie neu arrangiert, den Anweisungen der Lesenden folgend: Und nun mal alle nach links, dann aufstellen nach Größe, nach Farbe oder nach Anzahl der Beine. Die Tiere folgen artig, auch wenn die Schnecke bei der Teilung in Jungen und Mädchen erst mal unschlüssig stehen bleibt  Dass dieses Ordnungsspiel nicht so einfach ist, wie es auf den ersten Blick scheint, liegt an kleinen Details, die man nicht gleich wahrnimmt: Wohin mit dem dreibeinigen Elch oder dem fünfbeinigen Löwen? Ein kurzweiliges Bilderbuch, dessen dialogisches Moment die Leserin auch gerne zur Drill-Instrukteurin werden lässt: Und nun nochmal von vorn!</marc:subfield>
   </marc:datafield>
   <marc:datafield ind1=" " ind2=" " tag="020">
      <marc:subfield code="a">9783779505983</marc:subfield>
      <marc:subfield code="9">9783779505983</marc:subfield>
   </marc:datafield>
   <marc:datafield ind1=" " ind2=" " tag="020">
      <marc:subfield code="a">3779505983</marc:subfield>
      <marc:subfield code="9">3779505983</marc:subfield>
   </marc:datafield>
   <marc:datafield ind1=" " ind2=" " tag="041">
      <marc:subfield code="a">ger</marc:subfield>
   </marc:datafield>
   <marc:datafield ind1=" " ind2=" " tag="300">
      <marc:subfield code="b">überw. Ill.</marc:subfield>
   </marc:datafield>
   <marc:datafield ind1=" " ind2=" " tag="338">
      <marc:subfield code="a">Band</marc:subfield>
   </marc:datafield>
   <marc:datafield ind1=" " ind2=" " tag="300">
      <marc:subfield code="a">[31] S.</marc:subfield>
   </marc:datafield>
</marc:record>
